U2 ~ You're the best thing about me - Statistics

General Stats
  • This quiz has been taken 10 times
  • The average score is 162 of 284
Answer Stats
Answer % Correct
be
100%
a
90%
about
90%
best
90%
I
90%
the
90%
The
90%
thing
90%
you
90%
ever
80%
me
80%
that
80%
your
80%
are
70%
happened
70%
to
70%
You're
70%
and
60%
on
60%
as
50%
can
50%
in
50%
is
50%
know
50%
look
50%
of
50%
so
50%
stars
50%
When
50%
who
50%
am
40%
at
40%
boy
40%
but
40%
don't
40%
easy
40%
even
40%
for
40%
free
40%
good
40%
how
40%
I'm
40%
love
40%
no
40%
Oh
40%
see
40%
things
40%
world
40%
baby
30%
been
30%
can't
30%
destroy
30%
doesn't
30%
enjoy
30%
enough
30%
face
30%
feel
30%
have
30%
it
30%
it's
30%
kind
30%
my
30%
not
30%
out
30%
pain
30%
shooting
30%
Shooting
30%
show
30%
still
30%
time
30%
up
30%
what
30%
Why
30%
all
20%
away
20%
away)
20%
bad
20%
bed
20%
brighter
20%
children
20%
clearly
20%
crying
20%
Full
20%
great
20%
her
20%
like
20%
man
20%
nothing
20%
off
20%
ours
20%
she
20%
that's
20%
There's
20%
they're
20%
trouble
20%
vanishing
20%
wake
20%
walking
20%
(walking
20%
another
10%
beach
10%
determined
10%
fall
10%
mouth
10%
or
10%
quietly
10%
risky
10%
seen
10%
teach
10%
who's
10%
you've
10%
everything
0%
loudly
0%
needs
0%
No matching quizzes found
Score Distribution
Percent of People with Each Score
Percentile by Number Answered
Your Score History
You have not taken this quiz